| 000 | 01272nac a22003497a 4500 | ||
|---|---|---|---|
| 001 | BR7701844 | ||
| 003 | BR-BrBNA | ||
| 005 | 20240105114036.0 | ||
| 008 | 230509b bl.|||m| |||| 00| 0 por d | ||
| 040 |
_aBR-BrBNA _bpor _cBiblioteca Nacional de Agricultura |
||
| 072 | _aF60 | ||
| 090 | _a0230 BR7701844 | ||
| 100 | 1 | _aSantos, M.A.C. dos | |
| 100 | 1 | _aSobral, A.F. de | |
| 100 | 1 | _aMedeiros, A.P. | |
| 100 | 1 | _aBellote, A.F.J. | |
| 110 | 1 |
_aPrograma Nacional de Melhoramento da Cana-de-Acucar, Carpina, PE (Brasil). Coordenadoria Regional Norte _98024 |
|
| 245 | 1 | _aNutricao mineral da cana-de-acucar; 1: Determinacao da adubacao nitrogenada pelas analises de folhas e internodios [Saccharum spp] | |
| 260 | 3 |
_aCarpina, PE (Brasil): _cNov 1977. |
|
| 300 | _a41 p. | ||
| 490 |
_aBoletim Tecnico - Programa Nacional de Melhoramento da Cana-de-Acucar. Coordenadoria Regional Norte (Brazil) _vno. 3 _x |
||
| 500 | _a5 tables; 18 ref.; Summaries (En, Pt) | ||
| 650 | _aFisiologia vegetal | ||
| 650 | _aNutricao vegetal | ||
| 650 | _aCana de acucar | ||
| 650 | _aNutriente mineral | ||
| 650 | _aAnalise foliar | ||
| 650 | _aAdubacao | ||
| 650 | _aFertilizante nitrogenado | ||
| 909 |
_a202312 _bLúcia Elande _c55 _dLúcia Elande |
||
| 942 |
_2AGRIS _n0 _cMS |
||
| 999 |
_c267063 _d267063 |
||